000 00582nam a2200253Ia 4500
005 20250425160748.0
008 250425s9999 xx 000 0 und d
041 _aspa
043 _ack
082 _a001.42
100 _aGARCIA PEREZ, JORGE
245 0 _aMETODOLOGIA DE TRABAJOS ESCRITOS
250 _aS.E.
260 _aColombia
_bLEALON
_c1987
260 _aMEDELLÍN
300 _a351
500 _aLibro [fotocopia]
650 _aBIBLIOGRAFIA
650 _aDOCUMENTOS
650 _aESCRITOS-METODOLOGIA
710 _aLEALON
942 _c01
010 _a4680
999 _c195646
_d195646